Ashes To Ashes Lyrics (D. Bowie) - Statistics

General Stats
  • This quiz has been taken 236 times
  • The average score is 21 of 31
Answer Stats
Answer % Correct
"I'm {happy}. Hope you're {happy}, too.
96%
"I'm {happy}. Hope you're {happy}, too."
96%
We know {Major} {Tom}'s a junkie
93%
You'd better not mess with {Major} {Tom}."
93%
They got a message from the {Action} Man
87%
I never done {bad} things
85%
I've heard a rumour from {Ground} {Control}
85%
Oh no, don't say it's {true}
85%
I never done {good} things
84%
Strung out in {heaven}'s high
82%
Ashes to ashes, {funk} {to} {funky}
74%
Oh, no, not {again}
72%
I never did anything {out} {of} {the} {blue},
68%
Do you remember a {guy} that's been
67%
I've loved. All I've needed: {love}.
67%
I'm stuck with a {valuable} friend
66%
In such an early {song}
66%
Sordid {details} following."
62%
Time and again I tell {myself}
62%
Wanna come down {right} {now}
60%
{Hitting} an all-time low
59%
I'll stay {clean} tonight
58%
And I ain't got {no} {money} and I ain't got no hair
57%
My {mama} said, "To get things done
53%
Want an axe to {break} {the} {ice}
52%
One {flash} of light
51%
The shrieking of nothing is {killing} {me}
44%
Just pictures of {Jap} {girls} in synthesis
41%
But no smoking {pistol}
39%
But the {little} {green} {wheels} are following me
31%
But I'm hoping to kick but {the} {planet} {is} {glowing}
28%
No matching quizzes found
Score Distribution
Percent of People with Each Score
Percentile by Number Answered
Your Score History
You have not taken this quiz